[Event "Centralserbian-chT 2020"]
[Site "Bajina basta"]
[Date "2020.10.12"]
[Round "4.4"]
[White "Simonovic, Aleksandar"]
[Black "Radovic, Janko"]
[Result "1/2-1/2"]
[WhiteElo "2375"]
[BlackElo "2433"]
[Annotator "TA"]
[PlyCount "37"]
[EventDate "2020.10.10"]
[EventType "team-tourn"]
[EventCountry "SRB"]
[SourceTitle "playchess.com"]
[Source "ChessBase"]
[SourceQuality "1"]

{[%evp 15,37,14,26,2,7,5,12,8,17,0,0,-11,-3,-1,-2,-16,0,0,0,0,0,-4,0,-18]} 1. e4 c5 2. Nf3 d6 3. Bb5+ Nd7 4. O-O a6 5. Bxd7+ Bxd7 6. d4 cxd4 7. Qxd4 e5 8. Qd3 h6 9. c4 {B51: Sicilian: Moscow Variation (3 Bb5+) without 3...Bd7.} b5 {The position is equal.} 10. Nc3 {[%cal Rc4b5]} bxc4 11. Qxc4 Nf6 12. Re1 Be7 13. b3 O-O {[#]} (13... Rc8 $5 14. Qd3 $8 Qc7 $11) 14. Bb2 $146 ({Predecessor:} 14. Nd5 Nxd5 15. Qxd5 Be6 16. Qd3 f6 17. Nh4 d5 18. Bxh6 gxh6 19. Qg3+ Kh8 20. Qg6 {½-½ (41) Gasparac,G (1921)-Dobrovoljc,V (2297) Ptuj 2017}) 14... Qa5 15. Qd3 Rfc8 16. Nd2 Be6 17. Nf1 Bd8 18. Ne3 Bb6 19. h3 {Not much happened in this game. Accuracy: White = 100%, Black = 100%.} 1/2-1/2

[Event "Centralserbian-chT 2020"]
[Site "Bajina basta"]
[Date "2020.10.12"]
[Round "4.6"]
[White "Djakovac, Enes"]
[Black "Zlatanovic, Boroljub"]
[Result "1/2-1/2"]
[WhiteElo "2165"]
[BlackElo "2372"]
[Annotator "TA"]
[PlyCount "119"]
[EventDate "2020.10.10"]
[EventType "team-tourn"]
[EventCountry "SRB"]
[SourceTitle "playchess.com"]
[Source "ChessBase"]
[SourceQuality "1"]

{[%evp 9,119,34,27,0,0,0,0,-12,-13,-26,-27,-34,-27,-27,-21,-26,-27,-16,-29,-66,-40,-43,-32,-29,-31,-21,-18,-43,-43,-41,398,-31,0,-34,-40,-39,-31,-56,-57,-56,-55,-57,-55,-80,-51,-51,-53,-60,-34,-51,-45,-59,-55,-98,-41,-69,-41,-58,-56,-104,-104,-200,-180,-172,-96,-95,-97,-118,-124,-122,-116,-109,-91,-221,-223,-238,-222,-202,-83,-106,-102,-87,-106,-100,-96,-81,-109,-85,-96,-115,-12,-28,-12,-283,-8,-8,-8,-8,-8,-8,-8,-8,-8,-8,0,-8,0,-8,-8,-8,0,0]} 1. e4 e6 2. d4 d5 3. Nd2 Nc6 4. c3 e5 5. exd5 Qxd5 6. dxe5 {C04: French Tarrasch: 3...Nc6.} Nxe5 7. Ngf3 Nd3+ 8. Bxd3 $1 Qxd3 9. Qe2+ (9. Qb3 {with more complications.} Qa6 10. a4 Bd7 11. Qc4 Qe6+ 12. Qxe6+ Bxe6 13. O-O) 9... Qxe2+ 10. Kxe2 f6 11. Re1 Kf7 12. Kf1 {[#]} Ne7 $146 ({Predecessor:} 12... Bf5 13. Nb3 Bd6 14. Be3 b6 15. Rad1 Ne7 16. h3 Rad8 17. Nbd4 Bd7 18. Ne2 g5 {0-1 (67) Renger,N (1727)-Andre,G (2314) Guben 2014}) 13. Ne4 Ng6 14. h3 Be7 15. Be3 Bf5 16. Ng3 Bd3+ 17. Kg1 c5 18. Rad1 Rhd8 19. Rd2 Rh8 $2 {[%mdl 8192]} (19... Bb5 $15) 20. Rdd1 $2 (20. Rxd3 $18 Rad8 21. Rd2) 20... Rhd8 21. Rd2 b6 22. h4 Nf8 23. Red1 {[#]} Bc2 $1 {[%mdl 512]} 24. Rxd8 (24. Rxc2 Rxd1+) 24... Rxd8 25. Rxd8 Bxd8 26. Kf1 Bb1 27. a3 Bd3+ 28. Ke1 Bc7 29. Kd2 Bb5 30. Ne2 Ne6 31. b3 Bc6 (31... Kg6 $17) 32. Ne1 $15 h5 33. g3 g5 34. Nd3 Kg6 35. hxg5 (35. c4 $17 {is a better defense.}) 35... fxg5 $19 36. f4 Kf5 (36... h4 $19 {Strongly threatening ...hxg3.} 37. gxh4 gxh4) 37. fxg5 $17 Nxg5 38. Bxg5 Kxg5 {[%mdl 4096] Endgame KBB-KNN} 39. Ke3 a5 40. b4 Bb5 41. Ndf4 {[#]} (41. Nef4 $17 cxb4 42. cxb4 axb4 43. axb4) 41... Bc4 $1 $19 42. Kf3 cxb4 43. cxb4 {[#]} axb4 (43... Be5 $1 $19 {and Black stays clearly on top.} 44. bxa5 bxa5 45. Nh3+ Kf5) 44. axb4 $17 Bd6 45. Nc3 Bxb4 46. Ne4+ Kh6 47. g4 hxg4+ 48. Kxg4 b5 49. Kf5 Bf8 ({Better is} 49... Be7 $17 {next ...b4 is good for Black.} 50. Nd2 Ba2) 50. Ke5 b4 {aiming for ...b3.} 51. Kd4 $2 {[%mdl 8192]} (51. Ne6 $1 $11) 51... Ba6 $2 (51... Bf7 $19 {...Bg7+ is the strong threat.} 52. Nd2 Bg7+ 53. Ke4 b3) 52. Ne6 $11 {The position is equal.} Be7 53. N6c5 Bb5 54. Nd3 Bf8 {White must now prevent ...Bg7+.} 55. Nec5 Bg7+ 56. Ke3 Bf8 57. Kd4 Bg7+ 58. Ke3 Bc3 59. Ne4 Bxd3 60. Kxd3 {And White is the lucky defender. Accuracy: White = 66%, Black = 69%.} 1/2-1/2

[Event "Centralserbian-chT 2020"]
[Site "Bajina basta"]
[Date "2020.10.12"]
[Round "4.7"]
[White "Dimitrov, Radoslav"]
[Black "Budisavljevic, Luka"]
[Result "0-1"]
[WhiteElo "2507"]
[BlackElo "2454"]
[Annotator "TA"]
[PlyCount "112"]
[EventDate "2020.10.10"]
[EventType "team-tourn"]
[EventCountry "SRB"]
[SourceTitle "playchess.com"]
[Source "ChessBase"]
[SourceQuality "1"]

{[%evp 13,112,0,0,0,0,-4,12,-29,-23,-68,-50,-60,-42,-84,-87,-83,-79,-66,-70,-122,-133,-218,-228,-186,-143,-233,-212,-211,-176,-351,-340,-319,-241,-247,-231,-277,-226,-291,-278,-261,-274,-288,-297,-324,-320,-351,-339,-376,-354,-533,-545,-601,-599,-905,-645,-1000,-997,-973,-927,-778,-384,-385,-385,-419,-412,-426,-377,-447,-442,-448,-426,-437,-427,-639,-428,-882,-874,-29980,-822,-855,-802,-6610,-6590,-6478,-5593,-1710,-802,-1583,-1389,-1296,-1189,-910,-789,-848,-577,-29973,-29973,-29989,-29990,-29990,-29991]} 1. c4 c5 2. Nc3 Nc6 3. g3 g6 4. Bg2 Bg7 5. Nf3 e6 6. d4 Nxd4 7. Nxd4 cxd4 8. Nb5 {A37: Symmetrical English vs ...g6: 4 Bg2 Bg7 5 Nf3.} Qb6 9. e3 d5 10. Nxd4 {The position is equal.} dxc4 11. Qa4+ Bd7 12. Qxc4 Ne7 13. O-O {[#]} e5 $1 {[%cal Re5d4]} 14. Ne2 Bb5 15. Qc2 Rc8 16. Qd1 {[#]} (16. Qd2 $15) 16... O-O $1 $36 {[%mdl 2048] Keeping White busy.} 17. Re1 (17. e4 $17 {was necessary.}) 17... Rfd8 $19 {[#]} 18. Bd2 $146 ({Predecessor:} 18. Qb3 Bxe2 {0-1 (18) Decallonne,B-Cadiou,J France 1991}) 18... Ba6 19. Nc1 (19. b4 $17) 19... Qxb2 {[%mdl 64] Double Attack} 20. Nb3 Rc2 {[%cal Rc2d2]} 21. Qf3 $2 (21. Qb1 {was the only defense.}) 21... Rcxd2 22. Nxd2 Qxd2 23. Red1 Qa5 24. Rac1 Nf5 25. Qg4 Bf8 26. Rxd8 Qxd8 27. Rd1 Qc7 28. Qa4 Nd6 29. Bd5 Qc5 30. Qb3 e4 31. h4 (31. Rd2 {was worth a try.}) 31... Be2 32. Re1 Bf3 33. Bxb7 g5 {And now ...Qf5 would win.} 34. Bd5 gxh4 35. gxh4 Qa5 36. Rd1 Bxd1 (36... Qc7 $142 37. Kf1 Qe7) 37. Qxd1 Qc3 38. Bb3 Qf6 39. h5 Be7 40. Kf1 Qg5 41. Qd4 a5 42. Qa7 Kg7 43. a4 (43. Qc7 $142) 43... Qe5 44. Qa8 (44. Qd7 $142) 44... Qxh5 {aiming for ...Qh1+.} 45. Qa7 Qe5 (45... Nf5 $142 46. Kg1 Qg4+ 47. Kf1 Qh3+ 48. Ke2 Qf3+ 49. Kd2 Qxf2+ 50. Kc3 Qe2 51. Bc2 Nxe3 52. Kd4 Bf6+ 53. Kc5 Qc4+ 54. Kd6 Qd5+ 55. Kc7 Be5+ 56. Kc8 Qc6+ {[%mdl 64] Double Attack} 57. Kd8 Bf6+ 58. Qe7 Nd5 {[%mdl 64] Pin} 59. Qxf6+ {[%mdl 64] Remove Defender} Nxf6 60. Ke7 Qd7#) 46. Qd7 h5 47. Bd1 Bh4 48. Qh3 {[#]} Qf6 $1 {[%csl Gh4][%cal Rf6f2]} 49. Qh2 Kh6 50. Be2 Nf5 {( -> ...Nxe3+)} 51. Kg1 Qg5+ 52. Kf1 Ng7 53. Bc4 Qf6 54. Bxf7 Nf5 {Black mates.} 55. Bb3 Nxe3+ 56. Ke2 Ng4 {[%mdl 64] Double Attack. White did not feel at home in the position after the opening. Accuracy: White = 28%, Black = 80%.} 0-1

[Event "Centralserbian-chT 2020"]
[Site "Bajina basta"]
[Date "2020.10.12"]
[Round "4.8"]
[White "Maksimovic, Bojan"]
[Black "Markovic, Miroslav"]
[Result "1-0"]
[WhiteElo "2398"]
[BlackElo "2372"]
[Annotator "TA"]
[PlyCount "67"]
[EventDate "2020.10.10"]
[EventType "team-tourn"]
[EventCountry "SRB"]
[SourceTitle "playchess.com"]
[Source "ChessBase"]
[SourceQuality "1"]

{[%evp 11,67,49,66,33,32,22,33,33,34,43,64,29,29,24,47,44,73,52,123,41,62,73,64,44,59,39,57,54,54,54,93,78,90,87,71,72,142,166,151,136,170,158,161,113,250,179,201,200,172,199,415,415,429,416,1143,1117,29992,29993]} 1. e4 g6 2. d4 Bg7 3. Nc3 d6 4. f4 a6 5. Nf3 b5 6. Bd3 Nd7 7. a4 {B06: Modern Defence.} b4 8. Ne2 c5 9. c3 {White is slightly better.} Bb7 10. O-O Rc8 {[#]} 11. Bd2 $146 ({Predecessor:} 11. Ng3 cxd4 12. cxd4 Qb6 13. Be3 Ngf6 14. h3 a5 15. Qe2 d5 16. e5 Ne4 17. Kh2 {½-½ (73) Bodrozic,T (2365)-Grandadam,P (2306) Baden 2017}) 11... c4 12. Bb1 b3 13. e5 e6 14. Ng3 (14. exd6 $6 Ngf6 $11) 14... Ne7 (14... Nh6 $1 $14) 15. Ng5 ({White should play} 15. exd6 $16 Nf5 16. Bxf5 gxf5 17. Qe2) 15... O-O 16. N3e4 (16. exd6 Nf5 $11) 16... Bxe4 17. Bxe4 h6 {Threatens to win with ...d5.} 18. Nh3 (18. exd6 Nf5 $11) 18... d5 19. Bf3 a5 20. g4 Nb6 {[#]} 21. f5 $1 {[%mdl 512]} exf5 22. gxf5 {Strongly threatening f6.} Nxf5 {[#]} 23. Bg4 $1 Rc6 (23... Ne7 $142) 24. Bxf5 $16 gxf5 25. Nf4 Qh4 26. Kh1 Rg6 27. Qf3 ({Resist} 27. Nxg6 fxg6 28. Re1 Qe7 $16) 27... Rd8 {A mistake that costs the game.} (27... Kh7 $16 {was worth a try.} 28. Rf2 (28. Nxg6 fxg6 29. Qg2 Qe4 $16) (28. Nxd5 Nxd5 29. Qxd5 {[%mdl 64] Double Attack} Rd8 $11) 28... Rg8 29. Nxg6 fxg6) 28. e6 Rxe6 29. Nxe6 fxe6 {[#]} 30. Bf4 $1 {[%cal Rf4c7]} Rd7 $2 (30... Nd7 31. Qe3 Kf7) 31. Rg1 $18 Kh7 32. Rae1 Nxa4 (32... Re7 $142 33. Bd6 Re8 34. Rxe6 {[%mdl 64] Remove Defender, Decoy} Rxe6 35. Qxf5+ {[%mdl 64] Double Attack} Kh8 36. Qxe6 Qf6) 33. Rxe6 {White wants to mate with Bxh6!} Nxb2 {[#]} 34. Bg5 $1 {[%mdl 512] Accuracy: White = 78%, Black = 50%.} 1-0

[Event "Centralserbian-chT 2020"]
[Site "Bajina basta"]
[Date "2020.10.12"]
[Round "4.9"]
[White "Savic, Miodrag R"]
[Black "Jovanovic, Dusan D"]
[Result "1-0"]
[WhiteElo "2433"]
[BlackElo "2412"]
[Annotator "TA"]
[PlyCount "113"]
[EventDate "2020.10.10"]
[EventType "team-tourn"]
[EventCountry "SRB"]
[SourceTitle "playchess.com"]
[Source "ChessBase"]
[SourceQuality "1"]

{[%evp 14,113,5,12,0,9,13,0,8,4,54,39,62,7,10,3,0,8,6,0,0,0,11,2,25,22,26,22,19,4,16,0,23,0,45,38,43,27,27,17,25,28,25,4,77,75,74,69,217,0,189,162,257,244,247,252,248,240,240,157,169,160,177,155,693,194,201,201,201,201,243,245,227,208,207,204,294,197,190,190,179,182,159,103,117,112,392,382,3470,3178,885,353,762,3235,5779,5448,5181,5158,5115,5043,2366,2035]} 1. e4 e5 2. Nf3 Nc6 3. Bc4 Bc5 4. O-O d6 5. c3 Nf6 6. d3 O-O 7. Bb3 h6 {is cutting edge theory.} 8. Re1 a5 {C54: Giuoco Piano: 4 c3 Nf6, main lines with 5 d4 and 5 d3.} 9. h3 Be6 10. Nbd2 Ba7 {The position is equal.} 11. Nf1 {[#]} Qd7 $146 ({Predecessor:} 11... Bxb3 12. Qxb3 Qd7 13. Ng3 Rfe8 14. Nh4 Kh7 15. Nhf5 Ng8 16. Qd1 Re6 17. Qg4 Rg6 {½-½ (75) Sarenac,I (2388)-Jovanovic,D (2386) Belgrade 2018}) 12. Ba4 Qc8 13. Bxc6 (13. Ng3 $14) 13... bxc6 $11 14. d4 exd4 15. Nxd4 c5 16. Nc6 {Strongly threatening Ne7+.} Qd7 17. Nxa7 Rxa7 18. Qf3 Qe7 19. e5 dxe5 $1 20. Rxe5 Nd7 21. Re1 Rb8 22. Qg3 Qf6 23. b3 c4 24. Be3 Rab7 25. bxc4 Bxc4 26. Nd2 {[%cal Bf1d2,Bd2f3,Bf3h4,Bh4f3][%mdl 32]} Be6 ({Wrong is} 26... Qxc3 $2 27. Rac1 $18) 27. Bf4 Rc8 28. a4 g5 (28... Kh7 $11 {remains equal.}) 29. Be5 $36 {[%mdl 2048] White is on the roll.} Qf5 30. Nf3 c5 (30... Qg6 $14) 31. Rad1 $2 (31. Nh4 $1 $18 {[%cal Rh4f5]} Qc2 32. f4 Nxe5 33. Rxe5) 31... Nf8 $2 (31... Nxe5 $11 32. Rxe5 Qf4) 32. Nh4 $1 $18 {[%cal Rh4f5]} Qh7 (32... Qc2 $142) 33. f4 $1 Ng6 34. fxg5 hxg5 35. Nf3 $1 g4 36. hxg4 Qh6 37. g5 Qh5 38. Bf6 Qg4 $2 (38... Rb2 $16 39. Rb1 Rb3 40. Rxb3 Bxb3) 39. Qxg4 $2 (39. Qh2 Rb2 40. Ne5 Rxg2+ 41. Qxg2 Nxe5 42. Bxe5) 39... Bxg4 {[#]} 40. Kf2 $1 Bd7 41. Rh1 Rb2+ {[#]} 42. Kg3 $1 Bxa4 43. Ra1 Bc6 44. Rxa5 Be4 (44... c4 $142 45. Rh6 Re8) 45. Rh2 {Black must now prevent Ne5.} Bxf3 46. gxf3 Rxh2 47. Kxh2 {[%mdl 4096] Endgame KRB-KRN} Nf4 48. c4 (48. Ra4 $142 Nd5 49. Be5) 48... Kh7 $16 49. Be7 {aiming for Kg3.} Nd3 $2 {[%mdl 8192]} (49... Ng6 $16) 50. Ra6 $18 {Intending Rh6+ and mate.} Rg8 $2 (50... Kg8 51. Rh6 f5) 51. Rh6+ Kg7 52. Bf6+ Kf8 53. Kg3 {White is clearly winning.} Ke8 54. Rh1 Nb4 55. Rd1 {[%csl Gf6][%cal Rd1d8]} Nc6 56. Rd6 Ne7 57. Kg4 {Accuracy: White = 80%, Black = 57%.} 1-0

[Event "Centralserbian-chT 2020"]
[Site "Bajina basta"]
[Date "2020.10.12"]
[Round "4.10"]
[White "Ivanovic, Marko"]
[Black "Todorovic, Goran M"]
[Result "0-1"]
[WhiteElo "2277"]
[BlackElo "2404"]
[Annotator "TA"]
[PlyCount "78"]
[EventDate "2020.10.10"]
[EventType "team-tourn"]
[EventCountry "SRB"]
[SourceTitle "playchess.com"]
[Source "ChessBase"]
[SourceQuality "1"]

{[%evp 13,78,0,41,29,44,27,27,5,13,13,27,25,24,-11,3,2,5,-12,-5,0,19,-3,-20,-9,108,47,200,204,188,181,295,295,317,318,266,166,142,103,117,86,66,49,64,68,54,62,45,0,0,-43,0,-253,0,-1732,-1508,-2141,-2529,-4134,-1102,-1060,-1000,-29994,-29995,-29995,-29996,-29996,-29997]} 1. d4 d5 2. c4 e6 3. Nf3 Nf6 4. Nc3 c6 5. e3 Nbd7 6. Qc2 Bd6 7. g4 O-O 8. g5 $1 {[%cal Rg5f6] D45: Semi-Slav: 5 e3.} Nh5 9. Bd2 {[#]} b6 $146 ({Predecessor:} 9... g6 10. O-O-O dxc4 11. Bxc4 b5 12. Be2 Bb7 13. Ne4 Be7 14. Nc5 Bxc5 15. dxc5 Qe7 {0-1 (97) Tabatabaei,M (2482)-Gholami,A (2422) Rasht 2015}) 10. Be2 {White has an edge.} g6 11. h4 Bb7 12. cxd5 exd5 13. O-O-O b5 14. Kb1 Rc8 15. Ne5 Bxe5 16. dxe5 Nxe5 17. Bxh5 gxh5 18. Ne2 Qd6 (18... c5 $1 $11) 19. f4 (19. Nf4 $1 $16) 19... Ng4 $2 ({Better is} 19... Nd7 $14) 20. Ng3 $18 c5 21. Rhg1 $1 f5 (21... Kh8 {was necessary.} 22. Bc3+ (22. Nxh5 Qg6 $14) 22... f6) 22. gxf6 $1 (22. Nxf5 Rxf5 23. Qxf5 Rf8 $16) (22. Nxh5 d4 $14) 22... Kh8 (22... Rxf6 $2 23. Nxh5 Kf8 24. Rxg4 $18) 23. Nxh5 Nxf6 24. Nxf6 Qxf6 25. Rg5 b4 26. b3 a5 27. Bc1 c4 28. e4 cxb3 $1 29. Qxb3 Rc3 30. Bb2 (30. Qb2 $5 {[%cal Rg5f5]} d4 31. Re5 $11) 30... d4 $1 ({Don't go for} 30... Rxb3 $2 31. axb3 Qxb2+ 32. Kxb2 $18) 31. e5 Qxf4 {( -> ...Be4+)} (31... Qxg5 $5 32. fxg5 Be4+ 33. Ka1 Rxb3 34. axb3 Bc2 35. Rxd4 Bxb3 $15) 32. e6 $2 {[%mdl 8192] [#]} (32. Qe6 $1 $11 Be4+ 33. Ka1) 32... h6 $2 ({Weaker is} 32... Rxb3 33. axb3 Qe4+ 34. Ka1 $15) (32... Qxh4 33. Bxc3 dxc3 34. e7 $11) (32... Be4+ $1 $19 33. Ka1 Bc2) 33. e7 $2 {[%mdl 8192]} (33. Bxc3 $11 dxc3 34. e7 Be4+ 35. Ka1 hxg5 36. exf8=B Qxf8 37. Qe6) 33... Rxb3 $19 34. axb3 hxg5 35. Rxd4 Qf1+ 36. Ka2 Kh7 {Hoping for ...Re8.} 37. Rd8 {[#]} Be4 $1 {[%csl Ge4][%cal Rf1b1][%mdl 512] Black mates.} 38. exf8=N+ Kh6 {[%csl Ge4][%cal Rf1b1]} 39. hxg5+ Kh5 {Quite a comeback for Black. Accuracy: White = 66%, Black = 68%.} 0-1

[Event "Centralserbian-chT 2020"]
[Site "Bajina basta"]
[Date "2020.10.12"]
[Round "4.11"]
[White "Radovanovic, Jovica"]
[Black "Pavlovic, Goran"]
[Result "1/2-1/2"]
[WhiteElo "2303"]
[BlackElo "2345"]
[Annotator "TA"]
[PlyCount "34"]
[EventDate "2020.10.10"]
[EventType "team-tourn"]
[EventCountry "SRB"]
[SourceTitle "playchess.com"]
[Source "ChessBase"]
[SourceQuality "1"]

{[%evp 20,34,27,29,35,32,44,15,31,0,28,0,30,-17,12,15,23]} 1. d4 d5 2. c4 c6 3. Nf3 Nf6 4. Nc3 dxc4 5. a4 Bf5 6. e3 e6 7. Bxc4 Bb4 8. O-O O-O 9. Qe2 Nbd7 10. e4 Bg4 11. Rd1 Rc8 {D19: Slav Defence: 5 a4 Bf5 6 e3: Main line with 9 Qe2.} 12. h3 Bh5 {[#]} 13. Na2 $146 ({Predecessor:} 13. Bf4 Qa5 14. Na2 Rfe8 15. g4 Bg6 16. Bd3 Be7 17. Nc3 Bb4 18. Nd2 Qd8 19. Nf3 Qa5 20. Nd2 Qd8 21. Nf3 Qa5 {½-½ (21) Cvitan,O (2481)-Vernay,C (2513) Switzerland 2019}) 13... Be7 14. Nc3 Bb4 15. Na2 Be7 16. b4 Bg6 17. Bd3 a5 1/2-1/2

[Event "Centralserbian-chT 2020"]
[Site "Bajina basta"]
[Date "2020.10.12"]
[Round "4.13"]
[White "Drenchev, Petar"]
[Black "Kostic, Vladimir G"]
[Result "1/2-1/2"]
[WhiteElo "2434"]
[BlackElo "2289"]
[Annotator "TA"]
[PlyCount "48"]
[EventDate "2020.10.10"]
[EventType "team-tourn"]
[EventCountry "SRB"]
[SourceTitle "playchess.com"]
[Source "ChessBase"]
[SourceQuality "1"]

{[%evp 22,23,41,41]} 1. e4 c5 2. Nf3 d6 3. d4 cxd4 4. Nxd4 Nf6 5. Nc3 g6 6. Be3 Bg7 7. f3 O-O 8. Qd2 Nc6 9. O-O-O d5 10. exd5 Nxd5 11. Nxc6 bxc6 12. Bd4 {[#]} {Predecessor:} Nxc3 $146 {B76: Sicilian Dragon: Yugoslav Attack, 9 g4 and 9 0-0-0.} 13. Qxc3 Bh6+ 14. Be3 Bxe3+ 15. Qxe3 Qb6 16. Qc3 Be6 17. Bc4 Bxc4 18. Qxc4 Rfd8 19. Rhe1 e6 20. b3 Rd5 21. Kb2 Rad8 22. Qe2 Qb8 23. g3 Qd6 24. Rxd5 cxd5 {½-½ (35) Maghsoodloo,P (2676)-Jones,G (2670) chess.com INT 2020} 1/2-1/2

[Event "Centralserbian-chT 2020"]
[Site "Bajina basta"]
[Date "2020.10.12"]
[Round "4.14"]
[White "Sredojevic, Ivan"]
[Black "Pikula, Dejan"]
[Result "1/2-1/2"]
[WhiteElo "2258"]
[BlackElo "2421"]
[Annotator "TA"]
[PlyCount "42"]
[EventDate "2020.10.10"]
[EventType "team-tourn"]
[EventCountry "SRB"]
[SourceTitle "playchess.com"]
[Source "ChessBase"]
[SourceQuality "1"]

{[%evp 29,35,19,11,3,33,33,28,20]} 1. e4 c6 2. d4 d5 3. Nc3 dxe4 4. Nxe4 Bf5 5. Ng3 Bg6 6. h4 h6 7. Nf3 Nd7 8. h5 Bh7 9. Bd3 Bxd3 10. Qxd3 e6 11. Bd2 Ngf6 12. O-O-O Be7 13. Ne4 Nxe4 14. Qxe4 Nf6 15. Qe2 Qd5 16. Kb1 {B19: Classical Caro-Kann: 4...Bf5 main line.} Qe4 17. Qxe4 Nxe4 18. Be3 {[#]} {Predecessor:} Nf6 $146 19. Ne5 O-O 20. g4 Bd6 21. f3 a5 {½-½ (21) Gagunashvili,M (2580)-Arutinian,D (2551) Tbilisi 2020} 1/2-1/2

[Event "Centralserbian-chT 2020"]
[Site "Bajina basta"]
[Date "2020.10.13"]
[Round "5.1"]
[White "Kojovic, Dragan"]
[Black "Dimitrov, Radoslav"]
[Result "0-1"]
[WhiteElo "2307"]
[BlackElo "2507"]
[Annotator "TA"]
[PlyCount "128"]
[EventDate "2020.10.10"]
[EventType "team-tourn"]
[EventCountry "SRB"]
[SourceTitle "playchess.com"]
[Source "ChessBase"]
[SourceQuality "1"]

{[%evp 15,128,20,44,14,27,0,0,-15,-10,-5,-2,-22,-16,-29,-43,-42,-32,-14,12,0,0,-14,-5,-2,-14,0,0,0,0,0,0,-79,-25,-40,-33,-33,-12,-10,10,2,7,4,4,4,7,14,5,-10,0,0,0,-45,-52,-59,-56,-54,-47,-46,-25,-62,-21,-49,-47,-49,-49,-49,-50,-49,-49,-49,-50,-49,-49,-65,-50,-49,-49,-49,-56,-55,-63,-74,-74,-77,-69,-77,-69,-86,-22,-60,-25,-31,0,0,0,-20,-11,-166,-166,-138,-125,-129,-7,-651,-583,-711,-686,-627,-1453,-12837,-9281,-12844,-12844,-12845,-12845]} 1. e4 c5 2. Nf3 Nc6 3. Bb5 g6 4. O-O Bg7 5. Re1 Nf6 6. e5 Nd5 7. Nc3 Nc7 8. Bxc6 bxc6 9. d3 {B31: Sicilian: 2...Nc6 3 Bb5 g6.} O-O 10. Be3 d6 11. exd6 {The position is equal.} exd6 12. Bg5 {[#]} f6 $146 ({Predecessor:} 12... Bf6 13. Bxf6 Qxf6 14. Ne4 Qd8 15. d4 Ne6 16. Qd2 Rb8 17. dxc5 d5 18. Ng3 Rxb2 {0-1 (34) Pobor,M (2146)-Keprt,T (1438) Bratislava 2019}) 13. Be3 g5 14. h3 g4 15. hxg4 Bxg4 16. d4 c4 17. d5 c5 $1 18. Qd2 Bxf3 $1 19. gxf3 Rb8 20. Rab1 Qe8 21. Bf4 Qg6+ 22. Kf1 f5 23. Nd1 (23. Re7 $11 Rf7 24. Rxf7 Kxf7 25. Ne2) 23... Nb5 (23... Qh5 $17 {Threatens to win with ...Nb5.} 24. Kg2 (24. Bxd6 $2 Nb5 $19) 24... Rf6) 24. c3 $1 $11 Qh5 25. Kg2 $1 Rf6 {Black wants to play ...Rg6+.} 26. Rh1 $1 {[%cal Rh1h5]} Qf7 27. a4 Rg6+ 28. Kf1 Nd4 $1 {[%cal Rd4f3]} 29. cxd4 cxd4 30. Rh3 Qxd5 31. Rc1 Qc6 32. Qc2 Rc8 $1 33. Qxf5 Rf8 34. Qb5 $1 {[%cal Rb5c6]} Qxb5 35. axb5 Rxf4 36. Rxc4 h6 37. b3 Rf5 38. Nb2 Rxb5 39. b4 a5 40. Nd3 axb4 41. Rxb4 Rxb4 42. Nxb4 $15 {[%mdl 4096] Endgame KRB-KRN} Rg5 43. f4 Rb5 44. Nd3 $1 Kf7 45. Ke2 h5 46. Kf3 $1 Bf6 {White must now prevent ...Kg6.} 47. Ke4 h4 48. Rh1 Rb3 49. Rh3 Ke7 50. Kf5 Rb5+ 51. Ke4 Ke6 (51... Rb1 $17 52. f5 Rb3) 52. f5+ $1 $11 Kd7 53. Rh1 Rb3 {Strongly threatening ...d5+!} 54. Nf4 {[#]} d3 $1 {[%cal Bd4d3,Bd3d2][%mdl 544]} 55. Nd5 (55. Nxd3 d5+) 55... Bd8 {Hoping for ...d2.} 56. Ne3 $2 (56. f6 $1 $11 {and White stays safe.}) 56... d2 $19 57. Kf3 Rb2 58. Rd1 Ra2 (58... Bg5 $17 {aiming for ...Bxe3.} 59. Kg4 Bd8) 59. Ke2 $2 {[%mdl 8192]} (59. Nc4 $11) 59... Bg5 {Black is clearly winning.} 60. Nd5 h3 61. f4 Bh4 62. Nc3 Rc2 63. Kd3 {[#]} Rxc3+ $1 {[%mdl 512]} 64. Kxd2 (64. Kxc3 Be1) 64... Ra3 {Av CentiPawn Loss W=-60/B=-13. Weighted=-54/-7} 0-1

[Event "Centralserbian-chT 2020"]
[Site "Bajina basta"]
[Date "2020.10.13"]
[Round "5.2"]
[White "Markovic, Miroslav"]
[Black "Ostojic, Nikola"]
[Result "1/2-1/2"]
[WhiteElo "2372"]
[BlackElo "2406"]
[Annotator "TA"]
[PlyCount "27"]
[EventDate "2020.10.10"]
[EventType "team-tourn"]
[EventCountry "SRB"]
[SourceTitle "playchess.com"]
[Source "ChessBase"]
[SourceQuality "1"]

{[%evp 9,14,-8,27,11,17,15,20]} 1. e4 c6 2. Nf3 d5 3. d3 dxe4 4. dxe4 Qxd1+ 5. Kxd1 Bg4 6. Nbd2 {B10: Caro-Kann: 2 d3 and 2 c4.} Nd7 7. c3 e5 {[#] A rather calm draw.} {Predecessor:} 8. Be2 $146 f6 9. h3 Be6 10. Kc2 O-O-O 11. a4 Nh6 12. b4 Nf7 13. Ba3 Kb8 14. Rhd1 {1-0 (57) Gunina,V (2431)-Ushenina,A (2416) chess.com INT 2020} 1/2-1/2